000
00320nam a22001457a 4500
008
210303b ||||| |||| 00| 0 eng d
020
_a
9781285166230
041
_a
eng
080
_a
004
082
_a
004
100
_a
28
101
_a
SHKI
245
_a
Microsoft Office 2013 Advanced
_c
Shelly, C
942
_2
udc
_c
BK
999
_c
55677
_d
55677